[Event "Czech Open GM 2020"]
[Site "Pardubice"]
[Date "2020.09.23"]
[Round "3.13"]
[White "Koziak, Vitali"]
[Black "Siekanski, Janusz"]
[Result "1-0"]
[WhiteElo "2434"]
[BlackElo "2184"]
[Annotator "RC"]
[PlyCount "53"]
[EventDate "2020.09.21"]
[EventCountry "CZE"]
[SourceTitle "playchess.com"]
[Source "ChessBase"]
[SourceQuality "1"]
[TimeControl "40/5400+30:1800+30"]

1. Nf3 {[%emt 0:00:00]} d5 {[%emt 0:00:00]} 2. g3 {[%emt 0:00:18]} e6 {[%emt 0:00:01]} 3. Bg2 {[%emt 0:00:09]} c5 {[%emt 0:00:11]} 4. O-O {[%emt 0:00:33]} Nc6 {[%emt 0:00:12]} 5. d3 {[%emt 0:02:37]} Bd6 {[%emt 0:00:28]} 6. e4 {[%emt 0:02:22]} Nge7 {[%emt 0:01:23]} 7. Re1 {[%emt 0:07:33]} O-O {[%emt 0:02:52]} 8. c3 {[%emt 0:02:23]} dxe4 {[%emt 0:06:33]} 9. dxe4 {[%emt 0:00:56]} b6 {[%emt 0:02:53]} 10. Na3 {[%emt 0:03:46]} a6 {[%emt 0:16:44]} 11. Nc4 {[%emt 0:09:16]} Bc7 {[%emt 0:00:29]} 12. Qe2 {[%emt 0:04:31]} Bb7 {[%emt 0:02:32]} 13. h4 {[%emt 0:10:34]} b5 {[%emt 0:06:37]} 14. Rd1 {[%emt 0:02:49]} Qb8 {[%emt 0:01:48]} 15. Ne3 {[%emt 0:01:52]} h6 {[%emt 0:06:46]} 16. h5 {[%emt 0:01:17]} Kh8 {[%emt 0:03:54]} 17. Ng4 {[%emt 0:04:34]} f5 {[%emt 0:00:35]} 18. exf5 {[%emt 0:02:30]} exf5 {[%emt 0:05:11]} 19. Ngh2 {[%emt 0:15:56]} f4 {[%emt 0:05:42]} 20. g4 {[%emt 0:07:08]} Qe8 {[%emt 0:02:50]} 21. b3 {[%emt 0:02:22]} Rd8 {[%emt 0:04:08]} 22. Ba3 {[%emt 0:06:33]} Nd5 {[%emt 0:06:33]} 23. Qc2 {[%emt 0:00:26]} b4 {[%emt 0:03:55]} 24. cxb4 {[%emt 0:00:49]} Ncxb4 {[%emt 0:10:37]} 25. Bxb4 {[%emt 0:01:59]} Nxb4 {[%emt 0:01:02]} 26. Qxc5 {[%emt 0:00:16]} Nc6 {[%emt 0:01:48]} 27. Nh4 {[%emt 0:01:12]} 1-0

[Event "Czech Open GM 2020"]
[Site "Pardubice"]
[Date "2020.09.23"]
[Round "3.14"]
[White "Jurcik, Marian"]
[Black "Seitz, Patrick"]
[Result "1/2-1/2"]
[WhiteElo "2426"]
[BlackElo "2186"]
[Annotator "TA"]
[PlyCount "90"]
[EventDate "2020.09.21"]
[EventCountry "CZE"]
[SourceTitle "playchess.com"]
[Source "ChessBase"]
[SourceQuality "1"]

{[%evp 9,90,46,60,57,61,57,64,47,67,66,110,108,162,146,290,274,246,64,67,31,39,35,35,33,41,0,70,16,18,17,18,15,86,71,105,19,16,41,34,10,13,5,7,0,10,8,6,16,7,9,10,0,0,0,0,0,0,0,0,-4,0,-11,-9,-8,-10,-10,-10,-9,-11,-18,-18,-25,-18,-18,-11,-28,-24,-9,-8,-8,0,-13,0]} 1. e4 c5 2. Nc3 Nc6 3. Bb5 e5 4. d3 Nge7 5. f4 a6 6. Bc4 {B23: Closed Sicilian: Lines without g3.} exf4 7. Bxf4 {aiming for Qh5!} Ng6 8. Bg3 {[#] White is slightly better.} Be7 $146 ({Predecessor:} 8... d6 9. Nf3 Be7 10. O-O O-O 11. Nd5 b5 12. Bb3 Be6 13. a4 Rc8 14. axb5 axb5 {1-0 (73) Toma,K (2211)-Khukhashvili,S (2342) Antalya 2019}) 9. Qh5 b5 10. Bd5 Ra7 (10... Bb7 $16 {was called for.} 11. Nf3 d6) 11. Nf3 $18 Bb7 (11... O-O $16 12. h4 Nh8) 12. O-O {And now Ng5! would win.} O-O {[#]} 13. e5 $2 (13. Bd6 $1 $18) 13... Nd4 $14 14. Bxb7 Rxb7 15. Nxd4 cxd4 16. Ne4 Rb6 17. Rae1 Qa8 (17... Re6 $11) 18. Nd6 (18. Rf5 $14) 18... Bxd6 $11 19. exd6 Rc6 $1 20. Rf2 Qc8 (20... Re8 $11 21. Ref1 Re6) 21. Ree2 f5 {[#]} 22. Rxf5 (22. h4 $1 $16) 22... Rxf5 23. Qxf5 {Threatens to win with Qd5+.} Rxc2 24. Qd5+ {[%mdl 64] Double Attack} Kf8 25. Qf3+ Kg8 26. Qd5+ Kf8 27. Re1 {Rf1+ would kill now.} Rc1 28. Qxd4 Rxe1+ 29. Bxe1 {Hoping for Bc3.} Qc1 {[%cal Rc1e1]} 30. Kf1 (30. Kf2 {looks sharper.} Qf4+ 31. Qxf4+ Nxf4 32. Bc3 Kf7 33. Kf3) 30... Qf4+ 31. Qxf4+ Nxf4 {[%mdl 4096] Endgame KB-KN} 32. d4 Kf7 33. Bd2 Nd5 34. Ke2 Ke6 35. Kd3 Kxd6 36. g4 Ke6 37. h3 Nf6 38. Bg5 Ne8 39. Bf4 Kd5 40. b3 d6 41. Bg5 Nc7 42. h4 Ne6 43. Be3 Nd8 {The position is equal.} 44. Bd2 Ne6 45. Be3 Nd8 {Accuracy: White = 77%, Black = 79%.} 1/2-1/2

[Event "Czech Open GM 2020"]
[Site "Pardubice"]
[Date "2020.09.23"]
[Round "3.15"]
[White "Leeb, Simon"]
[Black "Pantzar, Milton"]
[Result "1/2-1/2"]
[WhiteElo "2234"]
[BlackElo "2424"]
[Annotator "TA"]
[PlyCount "89"]
[EventDate "2020.09.21"]
[EventCountry "CZE"]
[SourceTitle "playchess.com"]
[Source "ChessBase"]
[SourceQuality "1"]

{[%evp 13,89,29,29,29,29,29,20,28,28,27,40,0,0,0,0,0,0,0,16,0,0,-9,0,-108,-103,-183,-173,-218,-58,-58,0,-7,0,0,14,0,27,11,18,0,0,0,0,0,0,0,0,0,0,0,52,0,22,22,73,66,92,88,96,0,84,8,7,0,0,0,66,28,27,28,34,29,54,61,61,54,37,22]} 1. d4 d5 2. c4 e6 3. Nc3 c5 4. cxd5 exd5 5. Nf3 Nf6 6. Bg5 Be6 7. Bxf6 Qxf6 8. e4 {D32: Tarrasch Defence: Sidelines and lines without g3.} dxe4 9. Nxe4 Qf4 10. Bb5+ {The position is equal.} Nc6 11. Qe2 {Black must now prevent d5!} Be7 {[#]} 12. Bxc6+ $146 ({Predecessor:} 12. O-O O-O 13. Nxc5 Nxd4 14. Nxd4 Bxc5 15. Nxe6 fxe6 16. g3 Qd6 17. Rad1 Bd4 18. Bc4 {½-½ (46) Palladino,M (2248)-Kinas,T (2108) ICCF email 2017}) 12... bxc6 13. Nxc5 Bxc5 14. dxc5 Qb4+ 15. Qd2 $1 {[%cal Rd2b4]} Qxc5 16. Rc1 Qb5 17. b3 Rd8 18. Qg5 (18. Qc3 $1 $11) 18... Qb4+ $1 $17 19. Ke2 (19. Kf1 $17 {was called for.} O-O 20. h4) 19... O-O $1 $19 20. Rhd1 {[#]} Bd5 $2 (20... f6 $1 $19 {[%cal Rf6g5]} 21. Qe3 Qb5+ 22. Ke1 Rde8) 21. Kf1 $15 Rd6 ({Better is} 21... h6 $15 22. Qf5 Rd6) 22. Qe3 $11 Re6 23. Qc3 Qb8 24. Kg1 Rg6 25. Nh4 Rg4 26. Rd4 Rxd4 27. Qxd4 g6 28. Nf3 Bxf3 29. gxf3 $40 {[%mdl 4224] Endgame KQR-KQR. White attacks.} Rd8 30. Qe3 Qb5 31. Rc4 h5 (31... Qf5 $11) 32. h4 (32. Kg2 $1 $14) 32... Qf5 33. Kg2 Rd3 (33... Qb1 $11) 34. Qe4 $16 Qxe4 35. fxe4 $14 {KR-KR} Rd6 36. Rb4 (36. Ra4 $16) 36... Rd7 {[#]} (36... c5 $1 $11 {remains equal.} 37. Rb7 Ra6) 37. Rb8+ ({White should try} 37. Ra4 $1 $16) 37... Kg7 $11 38. Rc8 Rd2 39. a4 Rd3 (39... Re2 $11) 40. f3 Rxb3 41. Rxc6 Rb7 42. Kg3 Rb4 43. Ra6 {White is slightly better.} Rb7 44. Kf4 Re7 45. Ra5 {Accuracy: White = 71%, Black = 69%.} 1/2-1/2

[Event "Czech Open GM 2020"]
[Site "Pardubice"]
[Date "2020.09.23"]
[Round "3.16"]
[White "Szpar, Milosz"]
[Black "Pychova, Nela"]
[Result "1-0"]
[WhiteElo "2397"]
[BlackElo "2159"]
[Annotator "TA"]
[PlyCount "81"]
[EventDate "2020.09.21"]
[EventCountry "CZE"]
[SourceTitle "playchess.com"]
[Source "ChessBase"]
[SourceQuality "1"]

{[%evp 16,81,31,12,19,24,29,4,19,26,37,39,45,31,46,49,51,50,66,72,90,41,28,28,32,46,41,41,82,73,75,64,78,75,79,81,71,69,75,21,70,0,35,23,16,4,23,23,53,50,49,57,86,83,91,73,108,89,117,58,51,46,427,426,454,445,470,468]} 1. e4 e5 2. Nf3 Nf6 3. d4 Nxe4 4. Bd3 d5 5. Nxe5 Nd7 6. Nxd7 Bxd7 7. O-O Be7 8. c4 Nf6 {8...c6 is not played anymore.} 9. Nc3 dxc4 {C43: Petroff Defence: 3 d4.} 10. Bxc4 O-O 11. Bf4 a6 {The position is equal.} 12. Re1 {[#]} b5 $146 ({Predecessor:} 12... Bg4 13. Qd3 Re8 14. Qg3 Qxd4 15. Bb3 Bd6 16. Bxd6 Qxd6 17. Qh4 Qd2 18. f3 Bf5 {0-1 (37) Florez,L (2032)-Sierra Fonseca,E (2169) Medellin 2015}) 13. Bb3 Bc6 14. Rc1 Bd6 15. Be5 Bb7 16. Qc2 Rc8 17. Qf5 Be7 18. Re3 {[#] Black must now prevent Rg3.} c5 $1 19. Rh3 {White threatens Bxf6 and mate.} (19. Bxf6 Bxf6 20. dxc5 g6 $15) 19... Qd7 20. Bc2 Qxf5 21. Bxf5 {Strongly threatening Bxf6.} Rcd8 22. Bxf6 $1 gxf6 23. dxc5 ({Don't play} 23. Bxh7+ Kg7 $11) ({Of course not} 23. Rxh7 cxd4 24. Nb1 Rd5 $15) 23... Bxc5 24. Bxh7+ Kg7 25. Be4 Bxe4 26. Nxe4 Bd4 27. Nc3 (27. Rg3+ $16 Kh6 28. Rf3) 27... b4 28. Na4 (28. Nd1 $14) 28... Rfe8 (28... Rc8 {is more complex.} 29. Rg3+ Kh7 30. Rf1 Rc2 31. a3 a5) 29. Kf1 Ba7 $1 30. Re1 Rxe1+ 31. Kxe1 $11 {[%mdl 4096] Endgame KRB-KRN} Rc8 32. Rg3+ Kf8 33. Rf3 Kg7 34. Kd2 Rd8+ 35. Kc2 Re8 36. Kb3 a5 37. Kc4 (37. Rf5 $16) 37... Re2 $14 38. Rf5 Bxf2 $2 {[%mdl 8192] [#]} ({Black should play} 38... Kg6 $1 $14 39. Kd3 (39. Rxa5 Bxf2 40. Ra8 Kg7 $14) 39... Kxf5 40. Kxe2 Kg4) 39. Kd3 $18 {White is clearly winning.} Re3+ 40. Kd2 Bg1 41. Rf1 {Accuracy: White = 80%, Black = 68%.} 1-0

[Event "Czech Open GM 2020"]
[Site "Pardubice"]
[Date "2020.09.23"]
[Round "3.17"]
[White "Bulockin, Martin"]
[Black "Terziev, Dimo"]
[Result "1-0"]
[WhiteElo "2297"]
[BlackElo "2157"]
[Annotator "TA"]
[PlyCount "101"]
[EventDate "2020.09.21"]
[EventCountry "CZE"]
[SourceTitle "playchess.com"]
[Source "ChessBase"]
[SourceQuality "1"]

{[%evp 12,101,31,21,30,24,26,20,35,18,10,0,27,31,36,43,97,78,56,50,145,138,106,88,127,134,131,175,151,155,170,136,211,212,183,146,189,188,220,96,111,106,106,75,95,61,135,144,136,121,153,54,118,95,349,350,325,342,350,350,337,328,350,350,350,350,350,345,309,309,309,309,369,331,403,311,436,418,447,302,511,489,616,610,29988,29989,29990,29991,29996,29995,29995,29996]} 1. d4 d5 2. Nf3 Nf6 3. c4 dxc4 4. e3 e6 5. Bxc4 a6 6. O-O b5 7. Be2 {is the new trend.} Bb7 {D26: Queen's Gambit Accepted: 4 e3 e6 5 Bxc5 c5 sidelines.} 8. a4 b4 9. Nbd2 Nbd7 {The position is equal.} 10. Nb3 c5 11. Bd2 {[#]} Be7 $146 ({Predecessor:} 11... Ne4 12. a5 Be7 13. dxc5 Ndxc5 14. Nxc5 Bxc5 15. Qa4+ Qd7 16. Qxd7+ Kxd7 17. Ne5+ Ke7 {½-½ (30) Girya,O (2501)-Rublevsky,S (2683) St Petersburg 2017}) 12. Rc1 $36 {[%cal Rd4c5][%mdl 2048] White is pushing.} cxd4 13. Nfxd4 Rc8 (13... a5 $14) 14. Bf3 Ne4 15. Qe2 {And now Rxc8 would win.} Ndf6 (15... O-O $14) 16. Rxc8 $16 Qxc8 17. Na5 Bd5 18. Rc1 Qd7 19. Be1 O-O 20. Ndc6 $1 (20. Qxa6 $6 Qxa4 21. Be2 Bc5 $14) 20... Ra8 21. Qd1 (21. Bxb4 $6 Bxb4 22. Nxb4 Qxa4 $14) (21. Nxb4 $6 Qxa4 22. Nxd5 exd5 $14) 21... b3 (21... h5 $16 {was necessary.} 22. Be2 (22. Nxb4 Bxb4 23. Bxb4 Rc8 $16) 22... Bd6) 22. Nxe7+ $18 Qxe7 23. Qd4 (23. Nxb3 $6 Qb7 $16) 23... e5 {[#]} 24. Qb6 $1 Qe8 {[#]} 25. Be2 (25. Nxb3 Rb8 $17) (25. Nc6 $1 $18 {is the precise move to win.}) 25... Qxa4 $16 26. f3 Nd7 27. Qc7 {[%mdl 1024] White has strong compensation.} Nef6 28. e4 Be6 (28... Qd4+ $14 29. Kf1 Ng4 30. fxg4 Qxe4) 29. Nc6 h6 30. Bc3 Re8 31. Bb4 (31. Bxe5 $6 Nxe5 32. Qxe5 Bd7 $11) (31. Rd1 $16) 31... Kh7 (31... Nb8 $14 32. Ne7+ Kh7) 32. Qb7 a5 $2 {[%mdl 8192] This costs Black the game.} (32... Nf8 $16 {was called for.}) 33. Bb5 $18 ({Weaker is} 33. Bxa5 Rb8 $16) 33... Rb8 34. Qxb8 $1 (34. Bxa4 Rxb7 35. Bxa5 Nh5 $16) ({Worse is} 34. Nxb8 Qxb4 35. Kh1 Qd2 $17) 34... Qa2 35. Qd6 axb4 36. Qd2 ({Not} 36. Qxb4 Qxb2 37. Qe1 Nh5 $14) 36... Nh5 37. Nxb4 Qa7+ 38. Kh1 Nf4 39. Bxd7 Bxd7 40. Nd5 Ne6 41. h3 Bb5 42. Kh2 Be8 43. Rc3 Nd4 (43... Qb8 $142 44. Qf2 f6) 44. Rc7 Qa1 45. Qc1 Qa6 $2 (45... Qxc1 46. Rxc1 Nc2) 46. Re7 Bb5 47. Rxf7 {Qc7! is the strong threat.} Bf1 {[#]} 48. Qc7 $1 {White mates.} Ne6 49. Qxe5 Bxg2 50. Qf5+ Kh8 51. Nf6 {Accuracy: White = 74%, Black = 39%.} 1-0

[Event "Czech Open GM 2020"]
[Site "Pardubice"]
[Date "2020.09.23"]
[Round "3.18"]
[White "Taus, Martin"]
[Black "Krasteva, Beloslava"]
[Result "0-1"]
[WhiteElo "2142"]
[BlackElo "2296"]
[Annotator "TA"]
[PlyCount "56"]
[EventDate "2020.09.21"]
[EventCountry "CZE"]
[SourceTitle "playchess.com"]
[Source "ChessBase"]
[SourceQuality "1"]

{[%evp 9,56,0,0,-6,0,-5,0,0,0,-21,-16,-11,-6,-13,-14,-52,-36,-63,-7,-111,-112,-125,-125,-122,-127,-97,-78,-138,-106,-124,-113,-154,-158,-278,-267,-258,-262,-262,-264,-650,-657,-660,-674,-672,-668,-745,-738,-721,-421]} 1. e4 c5 2. c3 d5 3. exd5 Qxd5 4. d4 e6 5. a3 Nf6 6. Nf3 {B22: Sicilian: 2 c3.} Be7 7. Bd3 O-O 8. O-O {The position is equal.} Rd8 9. Qe2 Nc6 {[%cal Rc5d4]} 10. Be3 b6 11. Rd1 Bb7 {[#]} 12. dxc5 $146 {[#]} ({Predecessor:} 12. Nbd2 cxd4 13. cxd4 Bf8 14. Rac1 Rac8 15. h3 h6 16. Bb1 b5 17. Bc2 b4 18. Nc4 bxa3 19. bxa3 {0-1 (47) Toufighi,H (2491)-Ding,L (2565) Olongapo City 2010}) 12... Ba6 $1 {[%cal Ra6d3][%mdl 576] Pin} 13. Ne1 (13. Bxa6 Qxd1+) 13... Ne5 (13... bxc5 $15 14. Qc2 Qh5) 14. Bxa6 (14. c4 $1 $11 Qb7 15. Nd2) 14... Qxd1 $17 15. cxb6 axb6 {Threatens to win with ...Rxa6!} 16. Bd4 Qxe2 17. Bxe2 Ned7 18. b4 (18. Nd2 $142) 18... e5 19. Be3 Nd5 20. Bf3 N7f6 $36 {[%mdl 2048] White must now prevent ...e4. Keeping White busy.} 21. c4 (21. Bd2 $17) 21... e4 22. cxd5 exf3 23. Bxb6 Rdc8 ({Don't do} 23... Rxd5 24. Nc3 $19) 24. Nd3 $2 {[#]} (24. Nd2) 24... Nxd5 $19 {Black is clearly winning.} 25. Bc5 Bxc5 26. bxc5 Ra4 27. Ra2 Rd4 28. Rd2 fxg2 {Accuracy: White = 51%, Black = 89%.} 0-1

[Event "Czech Open GM 2020"]
[Site "Pardubice"]
[Date "2020.09.23"]
[Round "3.19"]
[White "Schimnatkowski, Lukas"]
[Black "Simek, Petr"]
[Result "1/2-1/2"]
[WhiteElo "2148"]
[BlackElo "2289"]
[Annotator "TA"]
[PlyCount "85"]
[EventDate "2020.09.21"]
[EventCountry "CZE"]
[SourceTitle "playchess.com"]
[Source "ChessBase"]
[SourceQuality "1"]

{[%evp 18,85,0,-16,-9,-25,0,0,-2,2,0,-2,0,-15,-27,-66,-66,-54,-50,-61,-58,-54,-58,-65,-18,-12,-10,-26,0,-43,-43,-43,-39,-45,-55,-52,-43,-35,26,11,20,18,25,0,0,0,51,51,51,0,0,0,51,51,51,51,51,11,11,0,0,0,0,0,0,0,0,0,0,-4]} 1. e4 c5 2. Nc3 Nc6 3. f4 g6 4. Nf3 Bg7 5. Bb5 Nd4 6. O-O a6 7. Bd3 d6 8. Nxd4 cxd4 9. Ne2 {[%cal Bc3e2,Be2d4,Bd4f3][%mdl 32]} Nf6 10. Kh1 Nd7 {B23: Closed Sicilian: Lines without g3.} 11. b4 {[#]} a5 $146 ({Predecessor:} 11... O-O 12. Bb2 Qb6 13. Rb1 Nb8 14. c3 Nc6 15. h3 Be6 16. a4 Rac8 17. Qe1 dxc3 18. Bxc3 Bxc3 19. dxc3 {½-½ (39) Adams,M (2680)-Anand,V (2765) Groningen 1997}) 12. Bb2 axb4 13. Bxd4 Bxd4 14. Nxd4 Qb6 15. Nf3 Nc5 16. Qe1 Nxd3 17. cxd3 Be6 18. Qb1 Ra3 19. Qb2 O-O 20. Rfb1 Rxd3 {White should prevent ...Rc8.} 21. Qxb4 Qf2 22. Rf1 Qa7 23. Rab1 (23. f5 {keeps more tension.} Bd7 24. a4 Bc6 25. a5 Ra8 26. Rfe1) 23... Qxa2 24. Qxb7 Bg4 {Hoping for ...Bxf3.} 25. Qxe7 {And now Ng5 would win.} Bxf3 26. gxf3 Rxd2 27. Qh4 f5 (27... d5 $15) 28. Rb7 $11 {[%csl Gb7][%cal Rh4h7]} Rf7 $1 {[%cal Rf7b7]} 29. Rxf7 Qxf7 {[%mdl 4096] Endgame KQR-KQR} 30. Qd8+ Qf8 $1 {[%cal Rf8d8]} 31. Qc7 {Black must now prevent Rb1.} Qf7 (31... fxe4 $11 32. fxe4 Qe8) 32. Qc8+ $14 Qf8 33. Qc7 (33. Qc3 $14 Ra2 34. Rb1) 33... Qh6 {[%csl Gd2][%cal Rh6h2]} 34. Qc8+ {[#]} Qf8 (34... Kf7 $1 $11 {[%mdl 512]} 35. Qd7+ {[#]} Kf8 $1 {[%mdl 512]} 36. Qc8+ Kf7 $1 {[%mdl 512]} 37. Qd7+ Kf8 $1 {[%mdl 512]} 38. Qc8+ Ke7 $1 {[%mdl 512]} 39. Qc7+ Kf8 $1 {[%mdl 512]} 40. Qc8+) 35. Qc3 Ra2 36. Rb1 {Threatens to win with Rb7.} Ra7 $1 37. Qc4+ Qf7 {The position is equal.} 38. Qc8+ Kg7 39. Qc3+ Qf6 40. e5 dxe5 41. fxe5 Qe6 42. Qc5 Re7 43. Re1 {Accuracy: White = 80%, Black = 80%.} 1/2-1/2

[Event "Czech Open GM 2020"]
[Site "Pardubice"]
[Date "2020.09.23"]
[Round "3.20"]
[White "Brozka, Karel"]
[Black "Csiki, Endre"]
[Result "1-0"]
[WhiteElo "2025"]
[BlackElo "2276"]
[Annotator "TA"]
[PlyCount "87"]
[EventDate "2020.09.21"]
[EventCountry "CZE"]
[SourceTitle "playchess.com"]
[Source "ChessBase"]
[SourceQuality "1"]

{[%evp 10,87,24,-7,20,6,12,-4,14,10,21,12,23,30,132,134,140,143,144,131,157,103,91,62,69,50,139,148,176,178,156,100,111,82,80,70,68,67,78,56,197,122,108,110,108,110,115,116,114,42,58,64,250,241,315,304,612,464,610,538,566,423,872,866,627,484,4416,2299,29960,12811,29971,29965,29965,29958,7417,3178,29976,29975,5218,5065]} 1. d4 e6 2. c4 b6 3. a3 Bb7 4. Nc3 f5 5. Nf3 Nf6 6. Bg5 h6 {A40: Unusual replies to 1 d4.} 7. Bxf6 Qxf6 8. e3 Be7 {[#] The position is equal.} 9. Be2 $146 ({Predecessor:} 9. Bd3 O-O 10. Qe2 c5 11. d5 e5 12. e4 f4 13. h4 d6 14. h5 Qf7 15. Nh4 Bxh4 16. Rxh4 {0-1 (41) Sala,T (1894)-De Santis,A (2222) Arco 2017}) 9... d6 10. Qa4+ Bc6 11. Qc2 O-O (11... Bb7 $1 $11) 12. d5 $16 exd5 13. Nxd5 (13. cxd5 $6 Bb7 $14) 13... Bxd5 14. cxd5 Nd7 15. Nd4 ({Worse is} 15. Qxc7 Nc5 $17) (15. O-O $142) 15... f4 {next ...fxe3 is good for Black.} 16. Ne6 fxe3 17. f4 Nc5 ({Black should try} 17... Rfb8 $14) 18. Nxf8 Bxf8 19. O-O Re8 20. Bf3 (20. Rae1 $142) 20... a5 21. b3 b5 22. Rae1 {Strongly threatening b4.} b4 $1 23. axb4 axb4 24. Re2 Qc3 (24... g6 $14) 25. Qxc3 (25. Qg6 $18 Re7 26. Bg4) 25... bxc3 26. Rc1 {And now b4 would win.} g6 {and if ...Bg7 works, Black does fine.} 27. Rxc3 Bg7 28. Rc4 ({But not} 28. Rexe3 Bd4 $14) 28... Nxb3 29. Re4 (29. Rxc7 $16 {Black must now prevent Rec2.} Bd4 30. Bg4) 29... Rxe4 30. Bxe4 $14 {[%mdl 4096] Endgame KRB-KBN} Bd4 $2 ({Better is} 30... g5 $14) 31. Bxg6 $18 Nc1 {[#]} 32. Kf1 $1 ({Stronger than} 32. Re1 e2+ 33. Kh1 Be3 $11) 32... Nxe2 $2 (32... Kg7) 33. Kxe2 {KB-KB} Kg7 34. Bd3 Kf7 35. g4 Bf6 (35... Ke7 $142 36. h4 Kf6 37. g5+ Kg7) 36. Kxe3 Bh4 37. Kf3 Kf6 {[#]} (37... Bd8 $142 38. Kg3 Kf8) 38. g5+ $1 {[%mdl 512]} hxg5 39. Kg4 Be1 40. fxg5+ Ke5 41. Bc4 Kd4 42. Bb3 Kc3 43. g6 Kxb3 44. g7 {Accuracy: White = 82%, Black = 40%.} 1-0

[Event "Czech Open GM 2020"]
[Site "Pardubice"]
[Date "2020.09.24"]
[Round "4.1"]
[White "Stocek, Jiri"]
[Black "Noe, Christopher"]
[Result "1/2-1/2"]
[WhiteElo "2595"]
[BlackElo "2519"]
[Annotator "ChessBase"]
[PlyCount "57"]
[EventDate "2020.09.21"]
[EventCountry "CZE"]
[SourceTitle "playchess.com"]
[Source "ChessBase"]
[SourceQuality "1"]
[TimeControl "40/5400+30:1800+30"]

1. d4 {[%emt 0:00:59]} Nf6 {[%emt 0:00:06]} 2. c4 {[%emt 0:00:10]} e6 {[%emt 0:00:05]} 3. Nf3 {[%emt 0:02:45]} b6 {[%emt 0:00:23]} 4. Bf4 {[%emt 0:04:34]} Bb7 {[%emt 0:02:27]} 5. e3 {[%emt 0:01:16]} Bb4+ {[%emt 0:10:45]} 6. Nfd2 {[%emt 0:01:20]} O-O {[%emt 0:02:23]} 7. a3 {[%emt 0:00:52]} Be7 {[%emt 0:00:51]} 8. Nc3 {[%emt 0:00:21]} d5 {[%emt 0:09:13]} 9. Be2 {[%emt 0:03:48]} Nbd7 {[%emt 0:06:45]} 10. cxd5 {[%emt 0:18:00]} Nxd5 {[%emt 0:01:16]} 11. Nxd5 {[%emt 0:00:08]} Bxd5 {[%emt 0:00:12]} 12. O-O {[%emt 0:02:30]} c5 {[%emt 0:02:54]} 13. Rc1 {[%emt 0:09:04]} cxd4 {[%emt 0:11:23]} 14. Bc7 {[%emt 0:02:51]} Qe8 {[%emt 0:00:05]} 15. exd4 {[%emt 0:01:09]} Bd8 {[%emt 0:09:09]} 16. Bd6 {[%emt 0:11:32]} Be7 {[%emt 0:00:11]} 17. Bc7 {[%emt 0:01:30]} Bd8 {[%emt 0:00:17]} 18. Bf4 {[%emt 0:01:54]} Nf6 {[%emt 0:05:02]} 19. Ba6 {[%emt 0:02:35]} Qd7 {[%emt 0:01:07]} 20. Nf3 {[%emt 0:03:28]} Bb7 {[%emt 0:02:24]} 21. Qd3 {[%emt 0:05:28]} Nd5 {[%emt 0:08:22]} 22. Bg3 {[%emt 0:00:22]} Bf6 {[%emt 0:08:42]} 23. Bb5 {[%emt 0:00:27]} Qe7 {[%emt 0:00:05]} 24. Rc2 {[%emt 0:01:26]} Rfc8 {[%emt 0:00:34]} 25. Rfc1 {[%emt 0:00:20]} Qd8 {[%emt 0:02:33]} 26. Ba6 {[%emt 0:04:36]} Qd7 {[%emt 0:05:12]} 27. Bb5 {[%emt 0:01:59]} Qd8 {[%emt 0:01:13]} 28. Ba6 {[%emt 0:00:34]} Qd7 {[%emt 0:00:05]} 29. Bb5 {[%emt 0:01:25]} 1/2-1/2

[Event "Czech Open GM 2020"]
[Site "Pardubice"]
[Date "2020.09.24"]
[Round "4.2"]
[White "Van Foreest, Lucas"]
[Black "Petr, Martin"]
[Result "1-0"]
[WhiteElo "2531"]
[BlackElo "2484"]
[Annotator "ChessBase"]
[PlyCount "71"]
[EventDate "2020.09.21"]
[EventCountry "CZE"]
[SourceTitle "playchess.com"]
[Source "ChessBase"]
[SourceQuality "1"]
[TimeControl "40/5400+30:1800+30"]

1. e4 {[%emt 0:00:00]} e6 {[%emt 0:13:55]} 2. d4 {[%emt 0:00:00]} d5 {[%emt 0:00:19]} 3. Nd2 {[%emt 0:00:01]} c5 {[%emt 0:00:06]} 4. Ngf3 {[%emt 0:00:51]} Nc6 {[%emt 0:01:36]} 5. exd5 {[%emt 0:01:46]} exd5 {[%emt 0:02:16]} 6. Bb5 {[%emt 0:00:24]} Bd6 {[%emt 0:00:13]} 7. dxc5 {[%emt 0:00:29]} Bxc5 {[%emt 0:00:06]} 8. O-O {[%emt 0:00:11]} Nge7 {[%emt 0:00:05]} 9. Nb3 {[%emt 0:00:04]} Bd6 {[%emt 0:00:05]} 10. Re1 {[%emt 0:00:04]} O-O {[%emt 0:00:41]} 11. h3 {[%emt 0:00:04]} Bf5 {[%emt 0:07:33]} 12. Be3 {[%emt 0:09:17]} a6 {[%emt 0:02:09]} 13. Bd3 {[%emt 0:01:15]} Re8 {[%emt 0:00:50]} 14. c3 {[%emt 0:06:44]} Bg6 {[%emt 0:12:18]} 15. Bxg6 {[%emt 0:17:16]} hxg6 {[%emt 0:01:06]} 16. Qd2 {[%emt 0:02:23]} Qc7 {[%emt 0:06:39]} 17. Re2 {[%emt 0:02:22]} Rad8 {[%emt 0:03:19]} 18. Rae1 {[%emt 0:00:07]} Nf5 {[%emt 0:03:45]} 19. Bg5 {[%emt 0:03:14]} Rxe2 {[%emt 0:01:19]} 20. Rxe2 {[%emt 0:00:08]} Be7 {[%emt 0:01:33]} 21. Bxe7 {[%emt 0:00:18]} Nfxe7 {[%emt 0:04:37]} 22. Nbd4 {[%emt 0:05:40]} Nxd4 {[%emt 0:02:23]} 23. Qxd4 {[%emt 0:00:05]} Nf5 {[%emt 0:02:29]} 24. Qa4 {[%emt 0:00:04]} Nd6 {[%emt 0:03:20]} 25. Re5 {[%emt 0:08:24]} Nb5 {[%emt 0:03:53]} 26. Qh4 {[%emt 0:05:24]} f6 {[%emt 0:03:15]} 27. Re1 {[%emt 0:00:09]} g5 {[%emt 0:00:51]} 28. Qb4 {[%emt 0:00:46]} Kf7 {[%emt 0:05:09]} 29. h4 {[%emt 0:01:38]} gxh4 {[%emt 0:02:12]} 30. Qg4 {[%emt 0:00:03]} Kg8 {[%emt 0:06:45]} 31. Nxh4 {[%emt 0:00:05]} Nd6 {[%emt 0:00:31]} 32. Qh5 {[%emt 0:05:14]} Ne4 {[%emt 0:00:41]} 33. Ng6 {[%emt 0:02:10]} Qb6 {[%emt 0:02:07]} 34. Re2 {[%emt 0:00:31]} Ng3 {[%emt 0:00:39]} 35. Qh8+ {[%emt 0:00:10]} Kf7 {[%emt 0:00:10]} 36. Re7+ {[%emt 0:00:02]} 1-0